000
00293nam a22001097a 4500
082
_a
823
_b
BLY/F
100
_a
BLYTON, ENID
245
_a
FAMOUS FIVE-5 GO TO DEMON'S ROCKS
246
_a
FAMOUS FIVE-5 GO TO DEMON'S ROCKS
_b
FAMOUS FIVE-5 GO TO DEMON'S ROCKS
650
_a
ENGLISH STORY
942
_c
BK
999
_c
8847
_d
8847